<?xml version="1.0" encoding="UTF-8"?>
<collection xmlns="http://www.loc.gov/MARC21/slim">
<record>
  <controlfield tag="001">2258535</controlfield>
  <controlfield tag="005">20241107230930.0</controlfield>
  <datafield tag="024" ind1="8" ind2=" ">
    <subfield code="a">oai:cds.cern.ch:2258535</subfield>
    <subfield code="p">cerncds:FULLTEXT</subfield>
  </datafield>
  <datafield tag="037" ind1=" " ind2=" ">
    <subfield code="a">CERN-PHOTO-201704-084</subfield>
  </datafield>
  <datafield tag="100" ind1=" " ind2=" ">
    <subfield code="0">AUTHOR|(CDS)2070299</subfield>
    <subfield code="0">AUTHOR|(SzGeCERN)582709</subfield>
    <subfield code="a">Brice, Maximilien</subfield>
    <subfield code="m">Maximilien.Brice@cern.ch</subfield>
    <subfield code="u">CERN</subfield>
  </datafield>
  <datafield tag="245" ind1=" " ind2=" ">
    <subfield code="a">SPS Beam Dump</subfield>
  </datafield>
  <datafield tag="260" ind1=" " ind2=" ">
    <subfield code="c">2017</subfield>
  </datafield>
  <datafield tag="269" ind1=" " ind2=" ">
    <subfield code="a">Geneva</subfield>
    <subfield code="b">CERN</subfield>
    <subfield code="c">2017-04-06</subfield>
  </datafield>
  <datafield tag="500" ind1=" " ind2=" ">
    <subfield code="a">General Photo</subfield>
  </datafield>
  <datafield tag="506" ind1=" " ind2=" ">
    <subfield code="a">public</subfield>
  </datafield>
  <datafield tag="520" ind1=" " ind2=" ">
    <subfield code="a">SPS DUMP TIDVG 4 - pictures taken during mounting process and view of the dump installed in the SPS tunnel (green part)</subfield>
  </datafield>
  <datafield tag="542" ind1=" " ind2=" ">
    <subfield code="d">CERN</subfield>
    <subfield code="g">2017</subfield>
  </datafield>
  <datafield tag="595" ind1=" " ind2=" ">
    <subfield code="a">CERN EDS</subfield>
    <subfield code="s">PHOTOLAB</subfield>
  </datafield>
  <datafield tag="650" ind1="2" ind2="7">
    <subfield code="2">SzGeCERN</subfield>
    <subfield code="a">Accelerators</subfield>
  </datafield>
  <datafield tag="650" ind1="1" ind2="7">
    <subfield code="2">SzGeCERN</subfield>
    <subfield code="a">Photolab</subfield>
  </datafield>
  <datafield tag="653" ind1="1" ind2=" ">
    <subfield code="9">CERN</subfield>
    <subfield code="a">beam dump</subfield>
  </datafield>
  <datafield tag="690" ind1="C" ind2=" ">
    <subfield code="a">CERN</subfield>
  </datafield>
  <datafield tag="690" ind1="C" ind2=" ">
    <subfield code="a">PHOTO</subfield>
  </datafield>
  <datafield tag="856" ind1="4" ind2=" ">
    <subfield code="8">1302184</subfield>
    <subfield code="s">3420631</subfield>
    <subfield code="u">http://cds.cern.ch/record/2258535/files/DSC_7193.jpg</subfield>
  </datafield>
  <datafield tag="856" ind1="4" ind2=" ">
    <subfield code="8">1302185</subfield>
    <subfield code="s">5936212</subfield>
    <subfield code="u">http://cds.cern.ch/record/2258535/files/DSC_7195.jpg</subfield>
  </datafield>
  <datafield tag="856" ind1="4" ind2=" ">
    <subfield code="8">1302186</subfield>
    <subfield code="s">10584772</subfield>
    <subfield code="u">http://cds.cern.ch/record/2258535/files/DSC_7196.jpg</subfield>
  </datafield>
  <datafield tag="856" ind1="4" ind2=" ">
    <subfield code="8">1302187</subfield>
    <subfield code="s">12038152</subfield>
    <subfield code="u">http://cds.cern.ch/record/2258535/files/DSC_7200.jpg</subfield>
  </datafield>
  <datafield tag="856" ind1="4" ind2=" ">
    <subfield code="8">1302188</subfield>
    <subfield code="s">5123983</subfield>
    <subfield code="u">http://cds.cern.ch/record/2258535/files/DSC_7190.jpg</subfield>
  </datafield>
  <datafield tag="856" ind1="4" ind2=" ">
    <subfield code="8">1302184</subfield>
    <subfield code="s">183745</subfield>
    <subfield code="u">http://cds.cern.ch/record/2258535/files/DSC_7193.jpg?subformat=icon-640</subfield>
    <subfield code="x">icon-640</subfield>
  </datafield>
  <datafield tag="856" ind1="4" ind2=" ">
    <subfield code="8">1302184</subfield>
    <subfield code="s">56932</subfield>
    <subfield code="u">http://cds.cern.ch/record/2258535/files/DSC_7193.jpg?subformat=icon-180</subfield>
    <subfield code="x">icon-180</subfield>
  </datafield>
  <datafield tag="856" ind1="4" ind2=" ">
    <subfield code="8">1302184</subfield>
    <subfield code="s">658452</subfield>
    <subfield code="u">http://cds.cern.ch/record/2258535/files/DSC_7193.jpg?subformat=icon-1440</subfield>
    <subfield code="x">icon-1440</subfield>
  </datafield>
  <datafield tag="856" ind1="4" ind2=" ">
    <subfield code="8">1302185</subfield>
    <subfield code="s">1111122</subfield>
    <subfield code="u">http://cds.cern.ch/record/2258535/files/DSC_7195.jpg?subformat=icon-1440</subfield>
    <subfield code="x">icon-1440</subfield>
  </datafield>
  <datafield tag="856" ind1="4" ind2=" ">
    <subfield code="8">1302185</subfield>
    <subfield code="s">289261</subfield>
    <subfield code="u">http://cds.cern.ch/record/2258535/files/DSC_7195.jpg?subformat=icon-640</subfield>
    <subfield code="x">icon-640</subfield>
  </datafield>
  <datafield tag="856" ind1="4" ind2=" ">
    <subfield code="8">1302185</subfield>
    <subfield code="s">72566</subfield>
    <subfield code="u">http://cds.cern.ch/record/2258535/files/DSC_7195.jpg?subformat=icon-180</subfield>
    <subfield code="x">icon-180</subfield>
  </datafield>
  <datafield tag="856" ind1="4" ind2=" ">
    <subfield code="8">1302186</subfield>
    <subfield code="s">1194756</subfield>
    <subfield code="u">http://cds.cern.ch/record/2258535/files/DSC_7196.jpg?subformat=icon-1440</subfield>
    <subfield code="x">icon-1440</subfield>
  </datafield>
  <datafield tag="856" ind1="4" ind2=" ">
    <subfield code="8">1302186</subfield>
    <subfield code="s">344389</subfield>
    <subfield code="u">http://cds.cern.ch/record/2258535/files/DSC_7196.jpg?subformat=icon-640</subfield>
    <subfield code="x">icon-640</subfield>
  </datafield>
  <datafield tag="856" ind1="4" ind2=" ">
    <subfield code="8">1302186</subfield>
    <subfield code="s">96101</subfield>
    <subfield code="u">http://cds.cern.ch/record/2258535/files/DSC_7196.jpg?subformat=icon-180</subfield>
    <subfield code="x">icon-180</subfield>
  </datafield>
  <datafield tag="856" ind1="4" ind2=" ">
    <subfield code="8">1302187</subfield>
    <subfield code="s">117119</subfield>
    <subfield code="u">http://cds.cern.ch/record/2258535/files/DSC_7200.jpg?subformat=icon-180</subfield>
    <subfield code="x">icon-180</subfield>
  </datafield>
  <datafield tag="856" ind1="4" ind2=" ">
    <subfield code="8">1302187</subfield>
    <subfield code="s">1251914</subfield>
    <subfield code="u">http://cds.cern.ch/record/2258535/files/DSC_7200.jpg?subformat=icon-1440</subfield>
    <subfield code="x">icon-1440</subfield>
  </datafield>
  <datafield tag="856" ind1="4" ind2=" ">
    <subfield code="8">1302187</subfield>
    <subfield code="s">352076</subfield>
    <subfield code="u">http://cds.cern.ch/record/2258535/files/DSC_7200.jpg?subformat=icon-640</subfield>
    <subfield code="x">icon-640</subfield>
  </datafield>
  <datafield tag="856" ind1="4" ind2=" ">
    <subfield code="8">1302188</subfield>
    <subfield code="s">1102381</subfield>
    <subfield code="u">http://cds.cern.ch/record/2258535/files/DSC_7190.jpg?subformat=icon-1440</subfield>
    <subfield code="x">icon-1440</subfield>
  </datafield>
  <datafield tag="856" ind1="4" ind2=" ">
    <subfield code="8">1302188</subfield>
    <subfield code="s">278696</subfield>
    <subfield code="u">http://cds.cern.ch/record/2258535/files/DSC_7190.jpg?subformat=icon-640</subfield>
    <subfield code="x">icon-640</subfield>
  </datafield>
  <datafield tag="856" ind1="4" ind2=" ">
    <subfield code="8">1302188</subfield>
    <subfield code="s">68018</subfield>
    <subfield code="u">http://cds.cern.ch/record/2258535/files/DSC_7190.jpg?subformat=icon-180</subfield>
    <subfield code="x">icon-180</subfield>
  </datafield>
  <datafield tag="856" ind1="4" ind2=" ">
    <subfield code="8">1303119</subfield>
    <subfield code="s">4073321</subfield>
    <subfield code="u">http://cds.cern.ch/record/2258535/files/DSC00032.jpg</subfield>
  </datafield>
  <datafield tag="856" ind1="4" ind2=" ">
    <subfield code="8">1303120</subfield>
    <subfield code="s">12668230</subfield>
    <subfield code="u">http://cds.cern.ch/record/2258535/files/DSC_3596.jpg</subfield>
  </datafield>
  <datafield tag="856" ind1="4" ind2=" ">
    <subfield code="8">1303121</subfield>
    <subfield code="s">9842247</subfield>
    <subfield code="u">http://cds.cern.ch/record/2258535/files/DSC_3622.jpg</subfield>
  </datafield>
  <datafield tag="856" ind1="4" ind2=" ">
    <subfield code="8">1303122</subfield>
    <subfield code="s">14403214</subfield>
    <subfield code="u">http://cds.cern.ch/record/2258535/files/DSC_3623.jpg</subfield>
  </datafield>
  <datafield tag="856" ind1="4" ind2=" ">
    <subfield code="8">1303123</subfield>
    <subfield code="s">16859426</subfield>
    <subfield code="u">http://cds.cern.ch/record/2258535/files/DSC_3637.jpg</subfield>
  </datafield>
  <datafield tag="856" ind1="4" ind2=" ">
    <subfield code="8">1303124</subfield>
    <subfield code="s">16554049</subfield>
    <subfield code="u">http://cds.cern.ch/record/2258535/files/DSC_3650.jpg</subfield>
  </datafield>
  <datafield tag="856" ind1="4" ind2=" ">
    <subfield code="8">1303125</subfield>
    <subfield code="s">14420260</subfield>
    <subfield code="u">http://cds.cern.ch/record/2258535/files/DSC_3651.jpg</subfield>
  </datafield>
  <datafield tag="856" ind1="4" ind2=" ">
    <subfield code="8">1303126</subfield>
    <subfield code="s">15210680</subfield>
    <subfield code="u">http://cds.cern.ch/record/2258535/files/DSC_3661.jpg</subfield>
  </datafield>
  <datafield tag="856" ind1="4" ind2=" ">
    <subfield code="8">1303127</subfield>
    <subfield code="s">14876027</subfield>
    <subfield code="u">http://cds.cern.ch/record/2258535/files/DSC_3683.jpg</subfield>
  </datafield>
  <datafield tag="856" ind1="4" ind2=" ">
    <subfield code="8">1303128</subfield>
    <subfield code="s">12836670</subfield>
    <subfield code="u">http://cds.cern.ch/record/2258535/files/DSC_3693.jpg</subfield>
  </datafield>
  <datafield tag="856" ind1="4" ind2=" ">
    <subfield code="8">1303129</subfield>
    <subfield code="s">16339758</subfield>
    <subfield code="u">http://cds.cern.ch/record/2258535/files/DSC_3729.jpg</subfield>
  </datafield>
  <datafield tag="856" ind1="4" ind2=" ">
    <subfield code="8">1303130</subfield>
    <subfield code="s">12610978</subfield>
    <subfield code="u">http://cds.cern.ch/record/2258535/files/DSC_3751.jpg</subfield>
  </datafield>
  <datafield tag="856" ind1="4" ind2=" ">
    <subfield code="8">1303131</subfield>
    <subfield code="s">14044096</subfield>
    <subfield code="u">http://cds.cern.ch/record/2258535/files/DSC_3776.jpg</subfield>
  </datafield>
  <datafield tag="856" ind1="4" ind2=" ">
    <subfield code="8">1303132</subfield>
    <subfield code="s">16359017</subfield>
    <subfield code="u">http://cds.cern.ch/record/2258535/files/DSC_3789.jpg</subfield>
  </datafield>
  <datafield tag="856" ind1="4" ind2=" ">
    <subfield code="8">1303133</subfield>
    <subfield code="s">13291417</subfield>
    <subfield code="u">http://cds.cern.ch/record/2258535/files/DSC_3804.jpg</subfield>
  </datafield>
  <datafield tag="856" ind1="4" ind2=" ">
    <subfield code="8">1303134</subfield>
    <subfield code="s">15049667</subfield>
    <subfield code="u">http://cds.cern.ch/record/2258535/files/DSC_3831.jpg</subfield>
  </datafield>
  <datafield tag="856" ind1="4" ind2=" ">
    <subfield code="8">1303135</subfield>
    <subfield code="s">16082842</subfield>
    <subfield code="u">http://cds.cern.ch/record/2258535/files/DSC_3875.jpg</subfield>
  </datafield>
  <datafield tag="856" ind1="4" ind2=" ">
    <subfield code="8">1303136</subfield>
    <subfield code="s">15981636</subfield>
    <subfield code="u">http://cds.cern.ch/record/2258535/files/DSC_3905.jpg</subfield>
  </datafield>
  <datafield tag="856" ind1="4" ind2=" ">
    <subfield code="8">1303137</subfield>
    <subfield code="s">11161625</subfield>
    <subfield code="u">http://cds.cern.ch/record/2258535/files/DSC_3932.jpg</subfield>
  </datafield>
  <datafield tag="856" ind1="4" ind2=" ">
    <subfield code="8">1303138</subfield>
    <subfield code="s">8703098</subfield>
    <subfield code="u">http://cds.cern.ch/record/2258535/files/DSC_3959.jpg</subfield>
  </datafield>
  <datafield tag="856" ind1="4" ind2=" ">
    <subfield code="8">1303139</subfield>
    <subfield code="s">3193808</subfield>
    <subfield code="u">http://cds.cern.ch/record/2258535/files/DSC00022.jpg</subfield>
  </datafield>
  <datafield tag="856" ind1="4" ind2=" ">
    <subfield code="8">1303119</subfield>
    <subfield code="s">201360</subfield>
    <subfield code="u">http://cds.cern.ch/record/2258535/files/DSC00032.jpg?subformat=icon-640</subfield>
    <subfield code="x">icon-640</subfield>
  </datafield>
  <datafield tag="856" ind1="4" ind2=" ">
    <subfield code="8">1303119</subfield>
    <subfield code="s">31132</subfield>
    <subfield code="u">http://cds.cern.ch/record/2258535/files/DSC00032.jpg?subformat=icon-180</subfield>
    <subfield code="x">icon-180</subfield>
  </datafield>
  <datafield tag="856" ind1="4" ind2=" ">
    <subfield code="8">1303119</subfield>
    <subfield code="s">845212</subfield>
    <subfield code="u">http://cds.cern.ch/record/2258535/files/DSC00032.jpg?subformat=icon-1440</subfield>
    <subfield code="x">icon-1440</subfield>
  </datafield>
  <datafield tag="856" ind1="4" ind2=" ">
    <subfield code="8">1303120</subfield>
    <subfield code="s">189503</subfield>
    <subfield code="u">http://cds.cern.ch/record/2258535/files/DSC_3596.jpg?subformat=icon-640</subfield>
    <subfield code="x">icon-640</subfield>
  </datafield>
  <datafield tag="856" ind1="4" ind2=" ">
    <subfield code="8">1303120</subfield>
    <subfield code="s">30667</subfield>
    <subfield code="u">http://cds.cern.ch/record/2258535/files/DSC_3596.jpg?subformat=icon-180</subfield>
    <subfield code="x">icon-180</subfield>
  </datafield>
  <datafield tag="856" ind1="4" ind2=" ">
    <subfield code="8">1303120</subfield>
    <subfield code="s">767283</subfield>
    <subfield code="u">http://cds.cern.ch/record/2258535/files/DSC_3596.jpg?subformat=icon-1440</subfield>
    <subfield code="x">icon-1440</subfield>
  </datafield>
  <datafield tag="856" ind1="4" ind2=" ">
    <subfield code="8">1303121</subfield>
    <subfield code="s">167981</subfield>
    <subfield code="u">http://cds.cern.ch/record/2258535/files/DSC_3622.jpg?subformat=icon-640</subfield>
    <subfield code="x">icon-640</subfield>
  </datafield>
  <datafield tag="856" ind1="4" ind2=" ">
    <subfield code="8">1303121</subfield>
    <subfield code="s">29935</subfield>
    <subfield code="u">http://cds.cern.ch/record/2258535/files/DSC_3622.jpg?subformat=icon-180</subfield>
    <subfield code="x">icon-180</subfield>
  </datafield>
  <datafield tag="856" ind1="4" ind2=" ">
    <subfield code="8">1303121</subfield>
    <subfield code="s">628480</subfield>
    <subfield code="u">http://cds.cern.ch/record/2258535/files/DSC_3622.jpg?subformat=icon-1440</subfield>
    <subfield code="x">icon-1440</subfield>
  </datafield>
  <datafield tag="856" ind1="4" ind2=" ">
    <subfield code="8">1303122</subfield>
    <subfield code="s">174058</subfield>
    <subfield code="u">http://cds.cern.ch/record/2258535/files/DSC_3623.jpg?subformat=icon-640</subfield>
    <subfield code="x">icon-640</subfield>
  </datafield>
  <datafield tag="856" ind1="4" ind2=" ">
    <subfield code="8">1303122</subfield>
    <subfield code="s">31694</subfield>
    <subfield code="u">http://cds.cern.ch/record/2258535/files/DSC_3623.jpg?subformat=icon-180</subfield>
    <subfield code="x">icon-180</subfield>
  </datafield>
  <datafield tag="856" ind1="4" ind2=" ">
    <subfield code="8">1303122</subfield>
    <subfield code="s">661351</subfield>
    <subfield code="u">http://cds.cern.ch/record/2258535/files/DSC_3623.jpg?subformat=icon-1440</subfield>
    <subfield code="x">icon-1440</subfield>
  </datafield>
  <datafield tag="856" ind1="4" ind2=" ">
    <subfield code="8">1303123</subfield>
    <subfield code="s">185410</subfield>
    <subfield code="u">http://cds.cern.ch/record/2258535/files/DSC_3637.jpg?subformat=icon-640</subfield>
    <subfield code="x">icon-640</subfield>
  </datafield>
  <datafield tag="856" ind1="4" ind2=" ">
    <subfield code="8">1303123</subfield>
    <subfield code="s">31399</subfield>
    <subfield code="u">http://cds.cern.ch/record/2258535/files/DSC_3637.jpg?subformat=icon-180</subfield>
    <subfield code="x">icon-180</subfield>
  </datafield>
  <datafield tag="856" ind1="4" ind2=" ">
    <subfield code="8">1303123</subfield>
    <subfield code="s">712366</subfield>
    <subfield code="u">http://cds.cern.ch/record/2258535/files/DSC_3637.jpg?subformat=icon-1440</subfield>
    <subfield code="x">icon-1440</subfield>
  </datafield>
  <datafield tag="856" ind1="4" ind2=" ">
    <subfield code="8">1303124</subfield>
    <subfield code="s">200532</subfield>
    <subfield code="u">http://cds.cern.ch/record/2258535/files/DSC_3650.jpg?subformat=icon-640</subfield>
    <subfield code="x">icon-640</subfield>
  </datafield>
  <datafield tag="856" ind1="4" ind2=" ">
    <subfield code="8">1303124</subfield>
    <subfield code="s">32087</subfield>
    <subfield code="u">http://cds.cern.ch/record/2258535/files/DSC_3650.jpg?subformat=icon-180</subfield>
    <subfield code="x">icon-180</subfield>
  </datafield>
  <datafield tag="856" ind1="4" ind2=" ">
    <subfield code="8">1303124</subfield>
    <subfield code="s">758161</subfield>
    <subfield code="u">http://cds.cern.ch/record/2258535/files/DSC_3650.jpg?subformat=icon-1440</subfield>
    <subfield code="x">icon-1440</subfield>
  </datafield>
  <datafield tag="856" ind1="4" ind2=" ">
    <subfield code="8">1303125</subfield>
    <subfield code="s">175607</subfield>
    <subfield code="u">http://cds.cern.ch/record/2258535/files/DSC_3651.jpg?subformat=icon-640</subfield>
    <subfield code="x">icon-640</subfield>
  </datafield>
  <datafield tag="856" ind1="4" ind2=" ">
    <subfield code="8">1303125</subfield>
    <subfield code="s">29694</subfield>
    <subfield code="u">http://cds.cern.ch/record/2258535/files/DSC_3651.jpg?subformat=icon-180</subfield>
    <subfield code="x">icon-180</subfield>
  </datafield>
  <datafield tag="856" ind1="4" ind2=" ">
    <subfield code="8">1303125</subfield>
    <subfield code="s">663992</subfield>
    <subfield code="u">http://cds.cern.ch/record/2258535/files/DSC_3651.jpg?subformat=icon-1440</subfield>
    <subfield code="x">icon-1440</subfield>
  </datafield>
  <datafield tag="856" ind1="4" ind2=" ">
    <subfield code="8">1303126</subfield>
    <subfield code="s">159508</subfield>
    <subfield code="u">http://cds.cern.ch/record/2258535/files/DSC_3661.jpg?subformat=icon-640</subfield>
    <subfield code="x">icon-640</subfield>
  </datafield>
  <datafield tag="856" ind1="4" ind2=" ">
    <subfield code="8">1303126</subfield>
    <subfield code="s">28365</subfield>
    <subfield code="u">http://cds.cern.ch/record/2258535/files/DSC_3661.jpg?subformat=icon-180</subfield>
    <subfield code="x">icon-180</subfield>
  </datafield>
  <datafield tag="856" ind1="4" ind2=" ">
    <subfield code="8">1303126</subfield>
    <subfield code="s">599618</subfield>
    <subfield code="u">http://cds.cern.ch/record/2258535/files/DSC_3661.jpg?subformat=icon-1440</subfield>
    <subfield code="x">icon-1440</subfield>
  </datafield>
  <datafield tag="856" ind1="4" ind2=" ">
    <subfield code="8">1303127</subfield>
    <subfield code="s">163795</subfield>
    <subfield code="u">http://cds.cern.ch/record/2258535/files/DSC_3683.jpg?subformat=icon-640</subfield>
    <subfield code="x">icon-640</subfield>
  </datafield>
  <datafield tag="856" ind1="4" ind2=" ">
    <subfield code="8">1303127</subfield>
    <subfield code="s">28183</subfield>
    <subfield code="u">http://cds.cern.ch/record/2258535/files/DSC_3683.jpg?subformat=icon-180</subfield>
    <subfield code="x">icon-180</subfield>
  </datafield>
  <datafield tag="856" ind1="4" ind2=" ">
    <subfield code="8">1303127</subfield>
    <subfield code="s">623547</subfield>
    <subfield code="u">http://cds.cern.ch/record/2258535/files/DSC_3683.jpg?subformat=icon-1440</subfield>
    <subfield code="x">icon-1440</subfield>
  </datafield>
  <datafield tag="856" ind1="4" ind2=" ">
    <subfield code="8">1303128</subfield>
    <subfield code="s">127527</subfield>
    <subfield code="u">http://cds.cern.ch/record/2258535/files/DSC_3693.jpg?subformat=icon-640</subfield>
    <subfield code="x">icon-640</subfield>
  </datafield>
  <datafield tag="856" ind1="4" ind2=" ">
    <subfield code="8">1303128</subfield>
    <subfield code="s">26843</subfield>
    <subfield code="u">http://cds.cern.ch/record/2258535/files/DSC_3693.jpg?subformat=icon-180</subfield>
    <subfield code="x">icon-180</subfield>
  </datafield>
  <datafield tag="856" ind1="4" ind2=" ">
    <subfield code="8">1303128</subfield>
    <subfield code="s">494512</subfield>
    <subfield code="u">http://cds.cern.ch/record/2258535/files/DSC_3693.jpg?subformat=icon-1440</subfield>
    <subfield code="x">icon-1440</subfield>
  </datafield>
  <datafield tag="856" ind1="4" ind2=" ">
    <subfield code="8">1303129</subfield>
    <subfield code="s">162184</subfield>
    <subfield code="u">http://cds.cern.ch/record/2258535/files/DSC_3729.jpg?subformat=icon-640</subfield>
    <subfield code="x">icon-640</subfield>
  </datafield>
  <datafield tag="856" ind1="4" ind2=" ">
    <subfield code="8">1303129</subfield>
    <subfield code="s">30210</subfield>
    <subfield code="u">http://cds.cern.ch/record/2258535/files/DSC_3729.jpg?subformat=icon-180</subfield>
    <subfield code="x">icon-180</subfield>
  </datafield>
  <datafield tag="856" ind1="4" ind2=" ">
    <subfield code="8">1303129</subfield>
    <subfield code="s">633514</subfield>
    <subfield code="u">http://cds.cern.ch/record/2258535/files/DSC_3729.jpg?subformat=icon-1440</subfield>
    <subfield code="x">icon-1440</subfield>
  </datafield>
  <datafield tag="856" ind1="4" ind2=" ">
    <subfield code="8">1303130</subfield>
    <subfield code="s">181558</subfield>
    <subfield code="u">http://cds.cern.ch/record/2258535/files/DSC_3751.jpg?subformat=icon-640</subfield>
    <subfield code="x">icon-640</subfield>
  </datafield>
  <datafield tag="856" ind1="4" ind2=" ">
    <subfield code="8">1303130</subfield>
    <subfield code="s">30081</subfield>
    <subfield code="u">http://cds.cern.ch/record/2258535/files/DSC_3751.jpg?subformat=icon-180</subfield>
    <subfield code="x">icon-180</subfield>
  </datafield>
  <datafield tag="856" ind1="4" ind2=" ">
    <subfield code="8">1303130</subfield>
    <subfield code="s">737844</subfield>
    <subfield code="u">http://cds.cern.ch/record/2258535/files/DSC_3751.jpg?subformat=icon-1440</subfield>
    <subfield code="x">icon-1440</subfield>
  </datafield>
  <datafield tag="856" ind1="4" ind2=" ">
    <subfield code="8">1303131</subfield>
    <subfield code="s">168049</subfield>
    <subfield code="u">http://cds.cern.ch/record/2258535/files/DSC_3776.jpg?subformat=icon-640</subfield>
    <subfield code="x">icon-640</subfield>
  </datafield>
  <datafield tag="856" ind1="4" ind2=" ">
    <subfield code="8">1303131</subfield>
    <subfield code="s">30217</subfield>
    <subfield code="u">http://cds.cern.ch/record/2258535/files/DSC_3776.jpg?subformat=icon-180</subfield>
    <subfield code="x">icon-180</subfield>
  </datafield>
  <datafield tag="856" ind1="4" ind2=" ">
    <subfield code="8">1303131</subfield>
    <subfield code="s">644724</subfield>
    <subfield code="u">http://cds.cern.ch/record/2258535/files/DSC_3776.jpg?subformat=icon-1440</subfield>
    <subfield code="x">icon-1440</subfield>
  </datafield>
  <datafield tag="856" ind1="4" ind2=" ">
    <subfield code="8">1303132</subfield>
    <subfield code="s">194288</subfield>
    <subfield code="u">http://cds.cern.ch/record/2258535/files/DSC_3789.jpg?subformat=icon-640</subfield>
    <subfield code="x">icon-640</subfield>
  </datafield>
  <datafield tag="856" ind1="4" ind2=" ">
    <subfield code="8">1303132</subfield>
    <subfield code="s">32370</subfield>
    <subfield code="u">http://cds.cern.ch/record/2258535/files/DSC_3789.jpg?subformat=icon-180</subfield>
    <subfield code="x">icon-180</subfield>
  </datafield>
  <datafield tag="856" ind1="4" ind2=" ">
    <subfield code="8">1303132</subfield>
    <subfield code="s">725524</subfield>
    <subfield code="u">http://cds.cern.ch/record/2258535/files/DSC_3789.jpg?subformat=icon-1440</subfield>
    <subfield code="x">icon-1440</subfield>
  </datafield>
  <datafield tag="856" ind1="4" ind2=" ">
    <subfield code="8">1303133</subfield>
    <subfield code="s">134442</subfield>
    <subfield code="u">http://cds.cern.ch/record/2258535/files/DSC_3804.jpg?subformat=icon-640</subfield>
    <subfield code="x">icon-640</subfield>
  </datafield>
  <datafield tag="856" ind1="4" ind2=" ">
    <subfield code="8">1303133</subfield>
    <subfield code="s">27338</subfield>
    <subfield code="u">http://cds.cern.ch/record/2258535/files/DSC_3804.jpg?subformat=icon-180</subfield>
    <subfield code="x">icon-180</subfield>
  </datafield>
  <datafield tag="856" ind1="4" ind2=" ">
    <subfield code="8">1303133</subfield>
    <subfield code="s">544560</subfield>
    <subfield code="u">http://cds.cern.ch/record/2258535/files/DSC_3804.jpg?subformat=icon-1440</subfield>
    <subfield code="x">icon-1440</subfield>
  </datafield>
  <datafield tag="856" ind1="4" ind2=" ">
    <subfield code="8">1303134</subfield>
    <subfield code="s">149270</subfield>
    <subfield code="u">http://cds.cern.ch/record/2258535/files/DSC_3831.jpg?subformat=icon-640</subfield>
    <subfield code="x">icon-640</subfield>
  </datafield>
  <datafield tag="856" ind1="4" ind2=" ">
    <subfield code="8">1303134</subfield>
    <subfield code="s">28470</subfield>
    <subfield code="u">http://cds.cern.ch/record/2258535/files/DSC_3831.jpg?subformat=icon-180</subfield>
    <subfield code="x">icon-180</subfield>
  </datafield>
  <datafield tag="856" ind1="4" ind2=" ">
    <subfield code="8">1303134</subfield>
    <subfield code="s">572563</subfield>
    <subfield code="u">http://cds.cern.ch/record/2258535/files/DSC_3831.jpg?subformat=icon-1440</subfield>
    <subfield code="x">icon-1440</subfield>
  </datafield>
  <datafield tag="856" ind1="4" ind2=" ">
    <subfield code="8">1303135</subfield>
    <subfield code="s">134687</subfield>
    <subfield code="u">http://cds.cern.ch/record/2258535/files/DSC_3875.jpg?subformat=icon-640</subfield>
    <subfield code="x">icon-640</subfield>
  </datafield>
  <datafield tag="856" ind1="4" ind2=" ">
    <subfield code="8">1303135</subfield>
    <subfield code="s">24839</subfield>
    <subfield code="u">http://cds.cern.ch/record/2258535/files/DSC_3875.jpg?subformat=icon-180</subfield>
    <subfield code="x">icon-180</subfield>
  </datafield>
  <datafield tag="856" ind1="4" ind2=" ">
    <subfield code="8">1303135</subfield>
    <subfield code="s">607093</subfield>
    <subfield code="u">http://cds.cern.ch/record/2258535/files/DSC_3875.jpg?subformat=icon-1440</subfield>
    <subfield code="x">icon-1440</subfield>
  </datafield>
  <datafield tag="856" ind1="4" ind2=" ">
    <subfield code="8">1303136</subfield>
    <subfield code="s">150842</subfield>
    <subfield code="u">http://cds.cern.ch/record/2258535/files/DSC_3905.jpg?subformat=icon-640</subfield>
    <subfield code="x">icon-640</subfield>
  </datafield>
  <datafield tag="856" ind1="4" ind2=" ">
    <subfield code="8">1303136</subfield>
    <subfield code="s">28177</subfield>
    <subfield code="u">http://cds.cern.ch/record/2258535/files/DSC_3905.jpg?subformat=icon-180</subfield>
    <subfield code="x">icon-180</subfield>
  </datafield>
  <datafield tag="856" ind1="4" ind2=" ">
    <subfield code="8">1303136</subfield>
    <subfield code="s">620462</subfield>
    <subfield code="u">http://cds.cern.ch/record/2258535/files/DSC_3905.jpg?subformat=icon-1440</subfield>
    <subfield code="x">icon-1440</subfield>
  </datafield>
  <datafield tag="856" ind1="4" ind2=" ">
    <subfield code="8">1303137</subfield>
    <subfield code="s">177714</subfield>
    <subfield code="u">http://cds.cern.ch/record/2258535/files/DSC_3932.jpg?subformat=icon-640</subfield>
    <subfield code="x">icon-640</subfield>
  </datafield>
  <datafield tag="856" ind1="4" ind2=" ">
    <subfield code="8">1303137</subfield>
    <subfield code="s">31320</subfield>
    <subfield code="u">http://cds.cern.ch/record/2258535/files/DSC_3932.jpg?subformat=icon-180</subfield>
    <subfield code="x">icon-180</subfield>
  </datafield>
  <datafield tag="856" ind1="4" ind2=" ">
    <subfield code="8">1303137</subfield>
    <subfield code="s">696659</subfield>
    <subfield code="u">http://cds.cern.ch/record/2258535/files/DSC_3932.jpg?subformat=icon-1440</subfield>
    <subfield code="x">icon-1440</subfield>
  </datafield>
  <datafield tag="856" ind1="4" ind2=" ">
    <subfield code="8">1303138</subfield>
    <subfield code="s">211045</subfield>
    <subfield code="u">http://cds.cern.ch/record/2258535/files/DSC_3959.jpg?subformat=icon-640</subfield>
    <subfield code="x">icon-640</subfield>
  </datafield>
  <datafield tag="856" ind1="4" ind2=" ">
    <subfield code="8">1303138</subfield>
    <subfield code="s">628104</subfield>
    <subfield code="u">http://cds.cern.ch/record/2258535/files/DSC_3959.jpg?subformat=icon-1440</subfield>
    <subfield code="x">icon-1440</subfield>
  </datafield>
  <datafield tag="856" ind1="4" ind2=" ">
    <subfield code="8">1303138</subfield>
    <subfield code="s">90173</subfield>
    <subfield code="u">http://cds.cern.ch/record/2258535/files/DSC_3959.jpg?subformat=icon-180</subfield>
    <subfield code="x">icon-180</subfield>
  </datafield>
  <datafield tag="856" ind1="4" ind2=" ">
    <subfield code="8">1303139</subfield>
    <subfield code="s">253386</subfield>
    <subfield code="u">http://cds.cern.ch/record/2258535/files/DSC00022.jpg?subformat=icon-640</subfield>
    <subfield code="x">icon-640</subfield>
  </datafield>
  <datafield tag="856" ind1="4" ind2=" ">
    <subfield code="8">1303139</subfield>
    <subfield code="s">795390</subfield>
    <subfield code="u">http://cds.cern.ch/record/2258535/files/DSC00022.jpg?subformat=icon-1440</subfield>
    <subfield code="x">icon-1440</subfield>
  </datafield>
  <datafield tag="856" ind1="4" ind2=" ">
    <subfield code="8">1303139</subfield>
    <subfield code="s">93400</subfield>
    <subfield code="u">http://cds.cern.ch/record/2258535/files/DSC00022.jpg?subformat=icon-180</subfield>
    <subfield code="x">icon-180</subfield>
  </datafield>
  <datafield tag="859" ind1=" " ind2=" ">
    <subfield code="f">maximilien.brice@cern.ch</subfield>
  </datafield>
  <datafield tag="916" ind1=" " ind2=" ">
    <subfield code="s">n</subfield>
    <subfield code="w">201714</subfield>
  </datafield>
  <datafield tag="923" ind1=" " ind2=" ">
    <subfield code="p">CERN</subfield>
    <subfield code="r">&lt;></subfield>
  </datafield>
  <datafield tag="960" ind1=" " ind2=" ">
    <subfield code="a">86</subfield>
  </datafield>
  <datafield tag="963" ind1=" " ind2=" ">
    <subfield code="a">PUBLIC</subfield>
  </datafield>
  <datafield tag="963" ind1=" " ind2=" ">
    <subfield code="b">VISIBLE</subfield>
  </datafield>
  <datafield tag="980" ind1=" " ind2=" ">
    <subfield code="a">PHOTOLABCERN</subfield>
  </datafield>
</record>
</collection>